Sports Quiz

Random Sports or NFL Quiz

NFL Dolphins 3000/1000/1000 Seasons Quiz Stats

Quiz not verified by Sporcle

Challenge
Share
Tweet
Embed
Score 0/54 Timer 04:00
0 Plays Today
Type Player % Correct
PassingDan Marino
100%
PassingDan Marino
100%
PassingDan Marino
100%
PassingDan Marino
100%
PassingDan Marino
100%
PassingDan Marino
100%
PassingDan Marino
100%
PassingDan Marino
100%
PassingDan Marino
100%
PassingDan Marino
100%
PassingDan Marino
100%
PassingDan Marino
100%
PassingDan Marino
100%
RushingRicky Williams
97.2%
RushingRicky Williams
97.2%
RushingRicky Williams
97.2%
RushingDelvin Williams
96.9%
PassingRyan Tannehill
96.6%
PassingRyan Tannehill
96.6%
PassingRyan Tannehill
96.6%
PassingRyan Tannehill
96.6%
RushingLarry Csonka
85.5%
RushingLarry Csonka
85.5%
RushingLarry Csonka
85.5%
ReceivingMark Clayton
83.8%
ReceivingMark Clayton
83.8%
ReceivingMark Clayton
83.8%
Type Player % Correct
ReceivingMark Clayton
83.8%
ReceivingMark Clayton
83.8%
RushingLamar Miller
76.4%
ReceivingJarvis Landry
75.4%
PassingChad Pennington
75.2%
ReceivingMark Duper
74.9%
ReceivingMark Duper
74.9%
ReceivingMark Duper
74.9%
ReceivingMark Duper
74.9%
RushingRonnie Brown
71.2%
RushingJay Ajayi
70.3%
PassingJay Fiedler
69.8%
ReceivingJarvis Landry
68.1%
RushingMercury Morris
65.8%
PassingChad Henne
65%
ReceivingBrandon Marshall
63.5%
ReceivingBrandon Marshall
63.5%
ReceivingBrian Hartline
52.7%
ReceivingBrian Hartline
52.7%
RushingKarim Abdul-Jabbar
52.1%
RushingReggie Bush
52.1%
ReceivingChris Chambers
51.9%
RushingLamar Smith
50.1%
ReceivingIrving Fryar
39.6%
ReceivingIrving Fryar
39.6%
ReceivingO.J. McDuffie
36.5%
ReceivingTony Martin
23.4%

You're not logged in!

Compare scores with friends on all Sporcle quizzes.
Join for Free
OR
Log In

You Might Also Like...

Show Comments

Extras

Top Quizzes Today


Score Distribution

Your Account Isn't Verified!

In order to create a playlist on Sporcle, you need to verify the email address you used during registration. Go to your Sporcle Settings to finish the process.

Report this User

Report this user for behavior that violates our Community Guidelines.

Details: